Accelerated logistics (Record no. 27895)
[ view plain ]
| 000 -LEADER | |
|---|---|
| fixed length control field | 01249nam a22003134a 4500 |
| 082 04 - DEWEY DECIMAL CLASSIFICATION NUMBER | |
| Classification number | 355.4/11/0973 |
| 100 1# - MAIN ENTRY--AUTHOR NAME | |
| Personal name | Wang, Mark. |
| 245 10 - TITLE STATEMENT | |
| Title | Accelerated logistics |
| 260 ## - PUBLICATION, DISTRIBUTION, ETC. (IMPRINT) | |
| Place of publication | Santa Monica, CA : |
| Name of publisher | Rand, |
| Year of publication | c2000. |
| 300 ## - PHYSICAL DESCRIPTION | |
| Number of Pages | xvi, 48 p. : |
| Other physical details | col. ill., maps. |
| 500 ## - GENERAL NOTE | |
| General note | "MR-1140-A." |
| 856 40 - ELECTRONIC LOCATION AND ACCESS | |
| Uniform Resource Identifier | http://site.ebrary.com/lib/rucke/Doc?id=10015439 |
No items available.
